東京府立公園_1935 - Statistics

General Stats
  • This quiz has been taken 2 times
  • The average score is 3 of 124
Answer Stats
所在地 公園名 % Correct
下谷區 上野恩賜公園 現在は都立
100%
日比谷公園 現在は都立
50%
芝區 芝公園 現在は都立
50%
武藏野町 井ノ頭恩賜公園 現在は都立
50%
麴町區 麴町公園
0%
淸水谷公園
0%
虎ノ門公園
0%
千鳥ケ淵公園
0%
外濠公園
0%
上六公園
0%
常盤橋公園
0%
神田區 錦華公園
0%
宮本公園
0%
西小川公園
0%
淡路公園
0%
芳林公園
0%
神田公園
0%
練成公園
0%
神田橋公園
0%
日本橋區 坂本町公園
0%
千代田公園
0%
箱崎公園
0%
久松公園
0%
十思公園
0%
常盤公園
0%
蠣殻町公園
0%
濱町公園 復興大公園
0%
京橋區 數寄屋橋公園
0%
月島第一公園
0%
月島第二公園
0%
鐡砲洲公園
0%
京橋公園
0%
築地公園
0%
越前堀公園
0%
文海公園
0%
新月島公園
0%
愛宕公園
0%
舊芝離宮公園 現在は都立
0%
臺場公園 現在は都立
0%
南櫻公園
0%
櫻田公園
0%
埠頭公園
0%
麻布區 三河臺公園
0%
有栖川宮記念公園
0%
赤坂區 乃木公園
0%
氷川公園
0%
四谷區 四谷公園
0%
赤坂離宮前記念公園
0%
谷町公園
0%
牛込區 牛込辨天公園
0%
小石川區 白山公園
0%
江戶川公園
0%
大塚公園
0%
本鄕區 湯島公園
0%
新花公園
0%
元町公園
0%
須藤公園
0%
下谷公園
0%
東盛公園
0%
山伏公園
0%
西町公園
0%
入谷公園
0%
御徒町公園
0%
淺草區 淺草公園
0%
今戶公園
0%
待乳山公園
0%
栁北公園
0%
石濱公園
0%
千束公園
0%
精華公園
0%
玉姬公園
0%
小島公園
0%
富士公園
0%
田原公園
0%
金龍公園
0%
松葉公園
0%
駒形公園
0%
淺草區本所區 隅田公園 復興大公園
0%
本所區 舊安田公園
0%
江東公園
0%
横網町公園 現在は都立
0%
綠町公園
0%
錦糸公園 復興大公園
0%
中和公園
0%
業平󠄁公園
0%
菊川公園
0%
永倉公園
0%
橫川公園
0%
茅場公園
0%
若宮公園
0%
本所松坂町公園
0%
深川區 深川公園
0%
淸澄公園
0%
猿江恩賜公園 現在は都立
0%
元加賀公園
0%
東陽公園
0%
八名川公園
0%
森下公園
0%
臨海公園
0%
扇橋公園
0%
川南公園
0%
濱園公園
0%
洲崎公園
0%
品川區 權現山公園
0%
八ツ山公園
0%
目黑區 碑文谷公園
0%
目黑不動公園
0%
淸水池公園
0%
荏原區 戶越公園
0%
大森區 寶來公園
0%
入新井公園
0%
世田谷區 宇佐公園
0%
澁谷區 鍋島松濤公園
0%
羽澤公園
0%
中野區 中野杉山公園
0%
新井藥師公園
0%
荒川區 三河島公園
0%
尾久公園
0%
王子區 飛烏山公園
0%
板橋區 板橋氷川公園
0%
足立區 大橋公園
0%
城東區 大島町公園
0%
葛飾區 山王臺公園
0%
江戶川區 大杉公園
0%
No matching quizzes found
Score Distribution
Percent of People with Each Score
Percentile by Number Answered
Your Score History
You have not taken this quiz